| 000 | 01895nam a22004577a 4500 | ||
|---|---|---|---|
| 001 | 2379 | ||
| 003 | gttocutb | ||
| 005 | 20251022185926.0 | ||
| 007 | ta | ||
| 008 | 251021e2012 gt d|||| |||| 001 0 spa d | ||
| 020 | 1 | 1 |
_a9789992248553 _cDisponible |
| 040 | 1 | 1 |
_agttocutb _bspa _cgttocutb _erda |
| 082 | 0 | 4 | _a972.81 L953:4 |
| 100 | 1 | 1 |
_aLuján Muñoz, Jorge. _eautor |
| 245 | 1 | 1 |
_aBreve historia contemporánea de Guatemala: _cJorge Luján Muñoz. |
| 250 | _a4a. | ||
| 264 | 1 |
_aMéxico: _bFondo de Cultura económica, _c2012. |
|
| 264 | 1 | _c© 2012 | |
| 300 | 1 | 1 |
_a582 páginas : _c25 cm. |
| 336 | 1 | 1 |
_2rdacontenido _atexto _btxt |
| 337 | 1 | 1 |
_2rdamedio _asin mediación _bn |
| 338 | 1 |
_2rdasoporte _avolumen _bnc |
|
| 505 | 0 | 0 | _gIndice: |
| 505 | 0 | 0 | _g1. Inicios de la sociedad colonial: la conquista -- |
| 505 | 0 | _g2. Organización del orden colonial: la sociedad española-ladina -- | |
| 505 | 0 | 0 | _g3. La sociedad indígena durante la colonia -- |
| 505 | 0 | 0 | _g4. La economía durante la Colonia -- |
| 505 | 0 | _g5. La independencia y la unión a México -- | |
| 505 | 0 | 0 | _g6. La República de federal de Centro América -- |
| 505 | 0 | 0 | _g7. El gobierno de los treinta años -- |
| 505 | 0 | 0 | _g8. La reforma libera 1871-1885 -- |
| 505 | 0 | 0 | _g9. Los herederos del liberalismo: 1885-1920/1920-1944 -- |
| 505 | 0 | 0 | _g10. La década revolucionaria 1944-1954 -- |
| 520 | 0 | 0 | _aPanorama completo de la historia guatemalteca a partir de la Conquista española y, sobre todo, de la Independencia, en 1821, hasta la actualidad. Si bien se hace hincapié en los procesos políticos, no se descuida lo social, lo económico y lo cultural. |
| 521 | 0 | 0 | _aRecomendado para público en general. |
| 650 | 1 | 4 |
_2LEMB _aHistoria de Guatemala. |
| 650 | 1 | 4 |
_2LEMB _aLa Colonia. |
| 650 | 1 | 4 |
_2LEMB _aAnexion a México. |
| 650 | 1 | 4 |
_2LEMB _aReforma liberal 1971-1885. |
| 942 | 1 |
_2ddc _cBK _n0 _e4a. |
|
| 999 |
_c2379 _d2379 |
||